| 000 | 00922cam a2200229 4500 | ||
|---|---|---|---|
| 001 | WB3728-15 | ||
| 008 | 010718n2001 000 0 eng u | ||
| 035 | _a(Sirsi) u113692 | ||
| 245 | _aTaylor defends study into PPP | ||
| 260 | _c2001 | ||
| 490 |
_aMunicipal Journal _v 29 June 2001 |
||
| 520 | _aA report by the IPPR calls on government to re-examine the use of PPP in order to give the public sector more options. The final report of the Commission on Public Private partnerships, "Building better partnerships", is available from Central Books, priced £12.95; tel 020 8986 5488. | ||
| 590 | _aWB | ||
| 650 | _aPRIVATE FINANCE INITIATIVE | ||
| 650 | _aINSTITUTE OF PUBLIC POLICY RESEARCH | ||
| 650 | _aPRIVATISATION | ||
| 650 | _aPUBLIC PRIVATE PARTNERSHIPS | ||
| 650 | _aLOCAL AUTHORITIES | ||
| 650 | _aGOVERNMENT POLICY | ||
| 690 | _aMANAGEMENT-BUSINESS MANAGEMENT-FINANCIAL MANAGEMENT | ||
| 942 | _n0 | ||
| 999 |
_c67740 _d67740 |
||